000 00546nam a2200193Ia 4500
005 20250326142827.0
008 250326s9999 xx 000 0 und d
020 _a0-13-638917-1
037 _aTextbook
040 _aFMSL
_beng
_cFMSL
041 _aeng
_2eng
084 _aX:89A N2
_qFMSL
100 _aGarvin David A
_9314742
245 0 _aOperations strategy: text and cases
_cGarvin David A
260 _aNew Jersey
_bNew Jersey, Prentice Hall
_c1992
300 _a526p
942 _cTB
_hX:89A N2
999 _c1296818
_d1296818